El derecho consuetudinario en la huerta y campo de Murcia / (Record no. 135922)

MARC details
000 -LEADER
campo de control de longitud fija 00708nam a2200193 4500
001 - NÚMERO DE CONTROL
campo de control 135922
003 - IDENTIFICADOR DE NÚMERO DE CONTROL
campo de control ES-MaACL
005 - FECHA Y HORA DE LA ÚLTIMA TRANSACCIÓN
campo de control 20250930063122.0
007 - CAMPO FIJO DE DESCRIPCIÓN FÍSICA--INFORMACIÓN GENERAL
campo de control de longitud fija t|
008 - DATOS DE LONGITUD FIJA--INFORMACIÓN GENERAL
campo de control de longitud fija 070214s1912 sp r ||||1| spa d
100 1# - ENTRADA PRINCIPAL--NOMBRE DE PERSONA
Nombre de persona Ruiz Funes, Mariano,
Fechas asociadas al nombre 1889-1953
9 (RLIN) 100804
245 13 - MENCIÓN DEL TÍTULO
Título El derecho consuetudinario en la huerta y campo de Murcia /
Mención de responsabilidad, etc. por Mariano Ruiz-Funes.
260 ## - PUBLICACIÓN, DISTRIBUCIÓN, ETC.
Lugar de publicación, distribución, etc. Murcia :
Nombre del editor, distribuidor, etc. [s. n.],
Fecha de publicación, distribución, etc. 1912 (
Fabricante Imp. Sucesores de Nogués)
300 ## - DESCRIPCIÓN FÍSICA
Extensión 141 p. ;
Dimensiones 22 cm.
500 ## - NOTA GENERAL
Nota general Tesis doctoral de la Universidad de Madrid, Facultad de Derecho, leída en 1912.
710 2# - ENTRADA AGREGADA--NOMBRE DE ENTIDAD CORPORATIVA
Nombre de entidad corporativa o nombre de jurisdicción como elemento de entrada Universidad Central (Madrid).
Unidad subordinada Facultad de Derecho.
9 (RLIN) 7090
852 ## - LOCALIZACIÓN
Ubicación ES-MaACL
Número de control de estantería T-1332-F-1
Holdings
Estatus retirado Estado de pérdida Estado de daño No para préstamo Colección Biblioteca de origen Biblioteca actual Ubicación en estantería Fecha de adquisición Fuente de adquisición Total de préstamos Signatura topográfica completa Código de barras Visto por última vez Precio de reemplazo Tipo de ítem Koha
        Colección de folletos Biblioteca del Ateneo de Madrid Biblioteca del Ateneo de Madrid Depósito folletos 17/01/2008     T-1332-F-1 1141464 23/02/2023 23/02/2023 Folleto